[Event "1st CRO junior liga"]
[Site "Sveti Filip i Jakov"]
[Date "2018.04.03"]
[Round "1.1"]
[White "Tomulic, Teo"]
[Black "Zadravec, Matija"]
[Result "0-1"]
[WhiteElo "2298"]
[BlackElo "2206"]
[PlyCount "86"]
[EventDate "2018.??.??"]
[WhiteClock "1:30:00"]
[BlackClock "1:30:00"]

1. e4 c5 2. Nf3 Nc6 3. d4 cxd4 4. Nxd4 g6 5. c4 Nf6 6. Nc3 d6 7. Nxc6 bxc6 8.
c5 Bg7 9. cxd6 Qxd6 10. Qxd6 exd6 11. Bf4 Ke7 12. O-O-O Rd8 13. Bc4 Be6 14.
Bxe6 Kxe6 15. Rhe1 Ng4 16. Bg3 Ne5 17. Ne2 Rac8 18. f4 Nc4 19. b3 Nb6 20. Rd3
c5 21. Red1 f5 22. exf5+ gxf5 23. Bh4 Rd7 24. Ng3 c4 25. Re3+ Kf7 26. Kc2 cxb3+
27. Kxb3 Nc4 28. Re7+ Rxe7 29. Bxe7 Kxe7 30. Nxf5+ Kf7 31. Rxd6 Bf8 32. Rd3 Ke6
33. g4 Na5+ 34. Ka4 Nb7 35. Re3+ Kd5 36. Re5+ Kc6 37. Nd4+ Kb6 38. Ne6 Rc4+ 39.
Kb3 Na5+ 40. Kb2 Bb4 41. Rh5 Rc3 42. Rxh7 Nc4+ 43. Kb1 Ba3 0-1

[Event "1st CRO junior liga"]
[Site "Sveti Filip i Jakov"]
[Date "2018.04.03"]
[Round "1.2"]
[White "Dabic, Stjepan"]
[Black "Safar, Sandro"]
[Result "1-0"]
[WhiteElo "2012"]
[BlackElo "2224"]
[PlyCount "60"]
[EventDate "2018.??.??"]
[WhiteClock "1:30:00"]
[BlackClock "1:30:00"]

1. d4 d5 2. c4 e6 3. Nc3 Nf6 4. cxd5 exd5 5. Bg5 Be7 6. e3 c6 7. Bd3 O-O 8.
Nge2 Bg4 9. f3 Bh5 10. Nf4 Bg6 11. Nxg6 hxg6 12. O-O Ne4 13. fxe4 Bxg5 14. Qf3
Qe7 15. Rae1 dxe4 16. Nxe4 Nd7 17. Bc4 Bf6 18. Qg4 a5 19. a3 b5 20. Ba2 c5 21.
Qxg6 c4 22. Qf5 Rab8 23. Bb1 Rfd8 24. Rf3 Qe6 25. Ref1 Qxf5 26. Rxf5 a4 27. g4
Be7 28. Rxf7 Bf6 29. Nxf6+ Nxf6 30. Ra7 Rd7 1-0

[Event "1st CRO junior liga"]
[Site "Sveti Filip i Jakov"]
[Date "2018.04.03"]
[Round "1.3"]
[White "Batory, Lucija"]
[Black "Kanizaj, Benjamin"]
[Result "1/2-1/2"]
[WhiteElo "1692"]
[BlackElo "1940"]
[PlyCount "83"]
[EventDate "2018.??.??"]
[WhiteClock "1:30:00"]
[BlackClock "1:30:00"]

1. e4 c5 2. c3 d6 3. d4 Nf6 4. Bd3 g6 5. Nf3 Bg7 6. O-O O-O 7. h3 Nc6 8. a3 Qc7
9. Be3 b6 10. Nbd2 h6 11. d5 Ne5 12. Nxe5 dxe5 13. f4 Nh5 14. fxe5 Bxe5 15. Nf3
Bf4 16. Qd2 Bxe3+ 17. Qxe3 Qf4 18. Rae1 Qxe3+ 19. Rxe3 Nf4 20. Bc4 b5 21. Bxb5
Rb8 22. Bc4 Rxb2 23. Rf2 Rb1+ 24. Kh2 g5 25. Ne5 e6 26. Ba2 Rd1 27. c4 f5 28.
g3 Nh5 29. Ng6 f4 30. gxf4 gxf4 31. Ref3 Rf7 32. Bb3 Rb1 33. Rg2 Kh7 34. Bc2
Rb2 35. e5 Rxc2 36. Rxc2 Kxg6 37. d6 Kf5 38. Re2 Bb7 39. Rff2 Rd7 40. Kg1 Rg7+
41. Kh2 Rd7 42. Kg1 1/2-1/2

[Event "1st CRO junior liga"]
[Site "Sveti Filip i Jakov"]
[Date "2018.04.03"]
[Round "1.4"]
[White "Colev, Ivor"]
[Black "Troselj, Ivan"]
[Result "0-1"]
[WhiteElo "1618"]
[BlackElo "1722"]
[PlyCount "44"]
[EventDate "2018.??.??"]
[WhiteClock "1:30:00"]
[BlackClock "1:30:00"]

1. e4 e5 2. Nf3 Nc6 3. Bb5 a6 4. Ba4 Nf6 5. O-O d6 6. d4 exd4 7. Nxd4 Bd7 8.
Bg5 Be7 9. Re1 b5 10. Bb3 Nxd4 11. Qxd4 c5 12. Qc3 c4 13. e5 dxe5 14. Qxe5 Be6
15. f4 Qb6+ 16. Kh1 Ng4 17. Qe2 Nf2+ 18. Kg1 Nd3+ 19. Kh1 Nxe1 20. Qxe1 Bxg5
21. fxg5 O-O 22. c3 cxb3 0-1

[Event "1st CRO junior liga"]
[Site "Sveti Filip i Jakov"]
[Date "2018.04.03"]
[Round "1.5"]
[White "Saric, Luka"]
[Black "Dasic, Jelena"]
[Result "1-0"]
[WhiteElo "2100"]
[BlackElo "1823"]
[PlyCount "81"]
[EventDate "2018.??.??"]
[WhiteClock "1:30:00"]
[BlackClock "1:30:00"]

1. Nf3 Nf6 2. c4 e6 3. g3 d5 4. Bg2 b6 5. O-O Bb7 6. d4 Nbd7 7. Qa4 Be7 8. Ne5
O-O 9. Nc6 Bxc6 10. Qxc6 Rc8 11. Nc3 Nb8 12. Qa4 a5 13. cxd5 exd5 14. Bh3 Nbd7
15. Bg5 c6 16. Rac1 b5 17. Qc2 Ra8 18. Nb1 Ra6 19. Nd2 h6 20. Bf4 a4 21. Nf3 a3
22. b3 g5 23. Bxd7 Qxd7 24. Bd2 Qe6 25. Qd3 Ne4 26. Rc2 f5 27. Ne1 f4 28. Ng2
Bd6 29. gxf4 gxf4 30. f3 Ng5 31. h4 Nh7 32. Kh2 Re8 33. Bxf4 Qf6 34. Bxd6 Qxd6+
35. Kg1 Ra7 36. e4 Rg7 37. e5 Qd7 38. f4 Qg4 39. Kh2 Nf8 40. Qh3 Qg6 41. f5 1-0

[Event "1st CRO junior liga"]
[Site "Sveti Filip i Jakov"]
[Date "2018.04.03"]
[Round "1.6"]
[White "Petrovic, David"]
[Black "Cotic, Borna"]
[Result "0-1"]
[WhiteElo "1651"]
[BlackElo "2028"]
[PlyCount "82"]
[EventDate "2018.??.??"]
[WhiteClock "1:30:00"]
[BlackClock "1:30:00"]

1. e4 c5 2. c3 d5 3. exd5 Qxd5 4. Nf3 Nf6 5. d4 e6 6. c4 Qd8 7. Nc3 Nc6 8. Be3
cxd4 9. Nxd4 Nxd4 10. Bxd4 Bd7 11. Be2 Bc6 12. O-O Be7 13. Nb5 a6 14. Bxf6 Bxf6
15. Nd6+ Ke7 16. c5 Be5 17. Nc4 Qxd1 18. Rfxd1 Bc7 19. Rd3 Rhd8 20. Rad1 Rxd3
21. Rxd3 Rd8 22. Rxd8 Kxd8 23. f3 Ke7 24. Kf2 e5 25. b4 Ke6 26. Ne3 e4 27. Bc4+
Ke5 28. Bxf7 exf3 29. gxf3 Kd4 30. Nf5+ Kc3 31. Nxg7 Kxb4 32. Ne6 Bxh2 33. f4
Bd5 34. f5 Bxa2 35. Ng5 Bxf7 36. Nxf7 Kxc5 37. f6 Kd5 38. Ng5 h6 39. f7 Bd6 40.
Nh7 a5 41. Nf6+ Kd4 0-1

[Event "1st CRO junior liga"]
[Site "Sveti Filip i Jakov"]
[Date "2018.04.03"]
[Round "1.7"]
[White "Simunic, Krunoslav"]
[Black "Jurotic, Nino"]
[Result "1-0"]
[WhiteElo "2060"]
[BlackElo "1617"]
[PlyCount "55"]
[EventDate "2018.??.??"]
[WhiteClock "1:30:00"]
[BlackClock "1:30:00"]

1. d4 d5 2. c4 dxc4 3. Nf3 Nf6 4. e3 Bg4 5. Bxc4 e6 6. O-O Be7 7. Nc3 O-O 8. h3
Bxf3 9. Qxf3 c6 10. Rd1 Nbd7 11. e4 Rc8 12. Bf4 b5 13. Bd3 Qb6 14. Rac1 a6 15.
d5 exd5 16. e5 Ne8 17. Nxd5 Qd8 18. Ne3 Bg5 19. Bf5 Bxf4 20. Qxf4 Rc7 21. e6
fxe6 22. Bxe6+ Kh8 23. Qxf8+ Nxf8 24. Rxd8 Re7 25. Bf7 Rxf7 26. Rxe8 h6 27.
Rxc6 Kh7 28. Ng4 1-0

[Event "1st CRO junior liga"]
[Site "Sveti Filip i Jakov"]
[Date "2018.04.03"]
[Round "1.8"]
[White "Vujic, Agata"]
[Black "Baric, Marko"]
[Result "1-0"]
[WhiteElo "1586"]
[BlackElo "1638"]
[PlyCount "71"]
[EventDate "2018.??.??"]
[WhiteClock "1:30:00"]
[BlackClock "1:30:00"]

1. e4 e5 2. Nf3 Nc6 3. Bc4 Bc5 4. Nc3 Nf6 5. d3 d6 6. Bg5 h6 7. Bh4 g5 8. Bg3
Bg4 9. Nd5 Nxd5 10. Bxd5 Qd7 11. c3 O-O-O 12. b4 Bb6 13. a4 a5 14. Qb3 Bxf3 15.
gxf3 Rdf8 16. h4 Kb8 17. Bc4 axb4 18. cxb4 Nd4 19. Qd1 f5 20. a5 Ba7 21. Rb1 g4
22. fxg4 f4 23. Bh2 f3 24. b5 b6 25. Ra1 Qxg4 26. axb6 Bxb6 27. Bd5 Kc8 28. Rg1
Qxg1+ 29. Bxg1 Ne2 30. Bh2 Kd7 31. Bg3 Bd4 32. Ra6 Nxg3 33. fxg3 f2+ 34. Kf1
Rf6 35. Qg4+ Ke7 36. Qg7+ 1-0

[Event "1st CRO junior liga"]
[Site "Sveti Filip i Jakov"]
[Date "2018.04.03"]
[Round "1.9"]
[White "Jurakic, Lukas"]
[Black "Plenca, Jadranko"]
[Result "1-0"]
[WhiteElo "1698"]
[BlackElo "2497"]
[PlyCount "69"]
[EventDate "2018.??.??"]
[WhiteClock "1:30:00"]
[BlackClock "1:30:00"]

1. e4 e5 2. Nf3 Nc6 3. Bb5 a6 4. Ba4 d6 5. c3 Bd7 6. O-O g6 7. h3 Bg7 8. d4 Nf6
9. Re1 O-O 10. a3 h6 11. Nbd2 Re8 12. Bc2 Nh5 13. Nf1 Qf6 14. Ne3 Nf4 15. Nd5
Nxd5 16. exd5 Na7 17. dxe5 dxe5 18. c4 Rad8 19. Bd2 Bf5 20. Bc3 Nc6 21. Ba4 b5
22. cxb5 Nd4 23. Bxd4 exd4 24. Rxe8+ Rxe8 25. b6 Rc8 26. b7 Rb8 27. Qb3 Qd6 28.
Bc6 d3 29. Re1 Bd7 30. Qb4 Qxb4 31. axb4 Bxb2 32. Re7 Bc3 33. Rxd7 d2 34. Nxd2
Bxd2 35. d6 1-0

[Event "1st CRO junior liga"]
[Site "Sveti Filip i Jakov"]
[Date "2018.04.03"]
[Round "1.10"]
[White "Muha, Miljenko"]
[Black "Hajpek, Erik"]
[Result "1-0"]
[WhiteElo "2395"]
[BlackElo "1790"]
[PlyCount "73"]
[EventDate "2018.??.??"]
[WhiteClock "1:30:00"]
[BlackClock "1:30:00"]

1. d4 Nf6 2. c4 g6 3. Nc3 Bg7 4. e4 d6 5. Nf3 O-O 6. Be2 e5 7. O-O Nbd7 8. Re1
Re8 9. Bf1 b6 10. a3 Bb7 11. d5 h6 12. b4 g5 13. Nd2 Nf8 14. c5 Ng6 15. Nc4 Bc8
16. Ne3 Rf8 17. cxd6 cxd6 18. Bb5 Bd7 19. Bc6 Bxc6 20. dxc6 Qc7 21. b5 a6 22.
Ned5 Nxd5 23. Nxd5 Qb8 24. Rb1 axb5 25. Rxb5 Qe8 26. Rxb6 Ne7 27. Nc7 Qd8 28.
Nxa8 Qxa8 29. c7 Nc8 30. Rxd6 Nxd6 31. Qxd6 Rc8 32. Bd2 Qb7 33. Ba5 Kh7 34. h3
f6 35. Qd7 Ra8 36. Rd1 Rc8 37. Qf5+ 1-0

[Event "1st CRO junior liga"]
[Site "Sveti Filip i Jakov"]
[Date "2018.04.03"]
[Round "1.11"]
[White "Drempetic, Mario"]
[Black "Cvitan, Ena"]
[Result "0-1"]
[WhiteElo "1767"]
[BlackElo "2159"]
[PlyCount "66"]
[EventDate "2018.??.??"]
[WhiteClock "1:30:00"]
[BlackClock "1:30:00"]

1. d4 Nf6 2. c4 e6 3. Nf3 d5 4. Nc3 Be7 5. Bg5 O-O 6. e3 h6 7. Bh4 b6 8. Bd3
Bb7 9. O-O Ne4 10. Bxe7 Qxe7 11. Rc1 Nd7 12. Qe2 Nxc3 13. bxc3 e5 14. e4 dxc4
15. Bxc4 exd4 16. cxd4 Qxe4 17. Qxe4 Bxe4 18. Bb5 Nf6 19. Rxc7 Nd5 20. Rd7 Rfd8
21. Rxd8+ Rxd8 22. Rc1 Nf4 23. Rd1 g5 24. Bc4 Rc8 25. Bb3 Kf8 26. h3 Nxh3+ 27.
gxh3 Bxf3 28. Rd3 Be4 29. Rd2 Rc1+ 30. Kh2 f5 31. d5 Rh1+ 32. Kg3 Rg1+ 33. Kh2
Rg2+ 0-1

[Event "1st CRO junior liga"]
[Site "Sveti Filip i Jakov"]
[Date "2018.04.03"]
[Round "1.12"]
[White "Duda, Daniel"]
[Black "Tukovic, Dario"]
[Result "1-0"]
[WhiteElo "1972"]
[BlackElo "1526"]
[PlyCount "73"]
[EventDate "2018.??.??"]
[WhiteClock "1:30:00"]
[BlackClock "1:30:00"]

1. d4 Nf6 2. c4 e6 3. Nc3 Bb4 4. e3 O-O 5. Bd3 c5 6. Nf3 d6 7. Qc2 Nbd7 8. O-O
Re8 9. Bd2 Nf8 10. a3 Bxc3 11. Bxc3 Ng6 12. Rad1 b6 13. dxc5 bxc5 14. Bxg6 hxg6
15. Be5 d5 16. cxd5 exd5 17. Qxc5 Ba6 18. Rfe1 Nd7 19. Qxd5 Nxe5 20. Nxe5 Qf6
21. f4 Rad8 22. Qc5 Rxd1 23. Rxd1 Qe7 24. Qxe7 Rxe7 25. Rd8+ Kh7 26. Rd7 Rxd7
27. Nxd7 Bc4 28. b4 f6 29. Nf8+ Kh6 30. Kf2 Bd3 31. Nd7 g5 32. Nc5 Bc4 33. a4
gxf4 34. exf4 a6 35. Ke3 Kh5 36. Ne4 Bf1 37. Ng3+ 1-0

[Event "1st CRO junior liga"]
[Site "Sveti Filip i Jakov"]
[Date "2018.04.03"]
[Round "1.13"]
[White "Blazeka, Mihaela"]
[Black "Jambresic, Filip"]
[Result "1/2-1/2"]
[WhiteElo "2094"]
[BlackElo "2030"]
[PlyCount "114"]
[EventDate "2018.??.??"]
[WhiteClock "1:30:00"]
[BlackClock "1:30:00"]

1. e4 c5 2. Nf3 e6 3. c4 Nc6 4. d4 cxd4 5. Nxd4 a6 6. Nc3 Qc7 7. Be3 Nf6 8. Rc1
Bb4 9. f3 O-O 10. Be2 d5 11. cxd5 exd5 12. O-O Bxc3 13. Rxc3 dxe4 14. Nxc6 bxc6
15. Qa4 exf3 16. Bxf3 Bd7 17. Bd4 Qf4 18. Bxc6 Bxc6 19. Rxc6 Qe4 20. Qc4 Nd5
21. h3 Nf4 22. Rf2 Rad8 23. Bc3 Rd1+ 24. Kh2 Qxc4 25. Rxc4 Nd5 26. Bd2 Rb8 27.
Rc5 Nf6 28. Rc4 h6 29. Bxh6 Nd5 30. Bf4 Rb7 31. b3 Nb4 32. Rc3 f6 33. h4 Kf7
34. Rc7+ Rxc7 35. Bxc7 Ra1 36. a4 Rb1 37. Rf3 Nc6 38. Rd3 Nb4 39. Rd7+ Kg6 40.
Ba5 Nc6 41. b4 Nxa5 42. bxa5 Rb4 43. Rd6 Rxh4+ 44. Kg3 Rxa4 45. Rxa6 Kg5 46.
Ra8 Ra3+ 47. Kf2 Kg4 48. a6 g5 49. a7 f5 50. Kf1 Ra2 51. Ke1 f4 52. Kf1 Ra6 53.
Kf2 Ra2+ 54. Kf1 Kg3 55. Rg8 Rxa7 56. Rxg5+ Kh4 57. Rg8 Ra2 1/2-1/2

[Event "1st CRO junior liga"]
[Site "Sveti Filip i Jakov"]
[Date "2018.04.03"]
[Round "1.14"]
[White "Golub, Nikolina"]
[Black "Smetisko, Josip"]
[Result "0-1"]
[WhiteElo "1870"]
[BlackElo "1880"]
[PlyCount "84"]
[EventDate "2018.??.??"]
[WhiteClock "1:30:00"]
[BlackClock "1:30:00"]

1. e4 d6 2. Nf3 Nf6 3. Nc3 e5 4. d4 Nbd7 5. Bc4 Be7 6. O-O O-O 7. h3 c6 8. Bb3
b5 9. a3 a5 10. Bg5 Qc7 11. Nh4 Nb6 12. dxe5 dxe5 13. Qf3 Be6 14. Nf5 b4 15.
Nxe7+ Qxe7 16. Bxf6 Qxf6 17. Qxf6 gxf6 18. Na4 Nxa4 19. Bxa4 Ra6 20. Rfd1 Rc8
21. Rd6 Kf8 22. Rad1 Ke7 23. Bb3 Ra7 24. Ba4 Rd7 25. Rxd7+ Bxd7 26. axb4 axb4
27. f3 Ra8 28. Bb3 Be6 29. c4 bxc3 30. Bxe6 cxb2 31. Rb1 Ra1 32. Ba2 Rxa2 33.
Kf2 Kd6 34. Ke3 Kc5 35. Kd3 Kb4 36. Kc2 Ka3 37. Re1 Ra1 38. Rb1 Rxb1 39. Kxb1
Kb3 40. f4 c5 41. fxe5 fxe5 42. g4 c4 0-1

[Event "1st CRO junior liga"]
[Site "Sveti Filip i Jakov"]
[Date "2018.04.03"]
[Round "1.15"]
[White "Djukin, Marko"]
[Black "Rickovic, Tomislav"]
[Result "1-0"]
[WhiteElo "1896"]
[BlackElo "1622"]
[PlyCount "27"]
[EventDate "2018.??.??"]
[WhiteClock "1:30:00"]
[BlackClock "1:30:00"]

1. e4 c6 2. d4 d5 3. f3 dxe4 4. fxe4 e5 5. Nf3 exd4 6. Bc4 Be6 7. Bxe6 fxe6 8.
Ng5 Bb4+ 9. c3 h6 10. Qh5+ Kd7 11. cxb4 Ne7 12. Nf7 Qe8 13. O-O g6 14. Qe5 1-0

[Event "1st CRO junior liga"]
[Site "Sveti Filip i Jakov"]
[Date "2018.04.03"]
[Round "1.16"]
[White "Mesar, Vedran"]
[Black "Svabenic, Stjepan"]
[Result "1-0"]
[WhiteElo "1638"]
[BlackElo "1225"]
[PlyCount "115"]
[EventDate "2018.??.??"]
[WhiteClock "1:30:00"]
[BlackClock "1:30:00"]

1. e4 e5 2. Nf3 Nc6 3. Bc4 Be7 4. O-O Nf6 5. Re1 O-O 6. c3 d6 7. d4 Na5 8. Bb5
a6 9. Ba4 b5 10. Bc2 Nb7 11. dxe5 dxe5 12. Nxe5 Nc5 13. Qxd8 Rxd8 14. Nc6 Re8
15. Bg5 Bb7 16. Nxe7+ Rxe7 17. e5 h6 18. Bh4 g5 19. Nd2 Nh5 20. Bg3 Nxg3 21.
hxg3 Nd7 22. f4 Kg7 23. Bf5 Rae8 24. Nf3 Nf8 25. Kf2 Ne6 26. Nd4 Nxd4 27. cxd4
Rh8 28. a4 b4 29. a5 gxf4 30. gxf4 h5 31. Ra4 b3 32. Rb4 Bd5 33. Be4 Rd7 34.
Re3 Rhd8 35. Rg3+ Kh6 36. Bf5 Be6 37. Bxe6 fxe6 38. Rd3 c5 39. Rb6 Rxd4 40.
Rxe6+ Kg7 41. Rxd4 cxd4 42. Rxa6 d3 43. Rd6 Rf8 44. Ke3 d2 45. Rxd2 Ra8 46. Rd5
Ra6 47. f5 Kf7 48. Kf4 h4 49. Kg5 Rc6 50. e6+ Ke7 51. Rd7+ Ke8 52. Kf6 Rc8 53.
Rh7 Kd8 54. Rh8+ Kc7 55. Rxc8+ Kxc8 56. e7 h3 57. gxh3 Kc7 58. e8=Q 1-0

[Event "1st CRO junior liga"]
[Site "Sveti Filip i Jakov"]
[Date "2018.04.03"]
[Round "1.17"]
[White "Tica, Sven"]
[Black "Pavcevic, Bruno"]
[Result "1-0"]
[WhiteElo "2442"]
[BlackElo "2028"]
[PlyCount "91"]
[EventDate "2018.??.??"]
[WhiteClock "0:01:00"]
[BlackClock "0:01:00"]

1. c4 Nf6 2. g3 e6 3. Bg2 d5 4. Nf3 Be7 5. O-O O-O 6. d4 c6 7. Nbd2 a5 8. Qc2
a4 9. e4 dxe4 10. Nxe4 Nbd7 11. Rd1 Nxe4 12. Qxe4 Nf6 13. Qc2 Qa5 14. Ne5 Rd8
15. Bf4 Bd7 16. c5 Nd5 17. Nc4 Qb5 18. Bd2 Qa6 19. Be4 g6 20. h4 Be8 21. Bd3
Qa7 22. Ba5 Rd7 23. h5 Bf6 24. Be4 Qb8 25. Bc3 Bd8 26. hxg6 hxg6 27. Kg2 Bc7
28. Rh1 Qd8 29. Ne5 Bxe5 30. dxe5 Qg5 31. Rh4 Nxc3 32. Qxc3 Rd2 33. Rah1 Kf8
34. Bxg6 Rad8 35. Be4 R8d4 36. Rh5 Qg4 37. Bf3 Qg7 38. Qe3 R2d3 39. Qc1 Rd2 40.
R1h4 Qg6 41. Rxd4 Rxd4 42. Qe3 Rc4 43. b3 axb3 44. axb3 Rc2 45. Rh8+ Ke7 46.
Qd4 1-0

[Event "1st CRO junior liga"]
[Site "Sveti Filip i Jakov"]
[Date "2018.04.03"]
[Round "1.18"]
[White "Erenda, Bruno"]
[Black "Makovec, Bruno"]
[Result "0-1"]
[WhiteElo "1967"]
[BlackElo "2313"]
[PlyCount "108"]
[EventDate "2018.??.??"]
[WhiteClock "1:29:00"]
[BlackClock "1:30:00"]

1. d4 Nf6 2. Nf3 e6 3. Bf4 c5 4. e3 cxd4 5. exd4 Be7 6. h3 O-O 7. c3 b6 8. Bd3
Bb7 9. Nbd2 d6 10. O-O Nbd7 11. Re1 Re8 12. Qc2 Nf8 13. Bh2 Bc6 14. Ng5 Qd7 15.
Nge4 Nxe4 16. Bxe4 b5 17. a4 a6 18. Bxc6 Qxc6 19. Bf4 Nd7 20. Nf3 Nf6 21. Bg5
Rec8 22. Rec1 h6 23. Bd2 Rab8 24. axb5 axb5 25. Ra7 Bf8 26. Rca1 b4 27. Nh2
bxc3 28. bxc3 Ne4 29. R7a6 Qd5 30. Qd3 Nc5 31. Qg3 Nxa6 32. Ng4 Kh8 33. Rxa6
Ra8 34. Rxa8 Rxa8 35. h4 Qf5 36. Bf4 Rc8 37. Kh2 Qg6 38. Qf3 Qh5 39. Bg3 f5 40.
Qb7 Re8 41. Ne3 f4 42. Qd7 fxg3+ 43. fxg3 Kg8 44. Ng4 Qf7 45. Qb5 Rc8 46. c4
Qc7 47. Qh5 Qf7 48. Qb5 Qe8 49. Qb3 Qc6 50. Qd3 Qe8 51. d5 Qf7 52. Qe4 Re8 53.
dxe6 Qxe6 54. Qd4 Be7 0-1

[Event "1st CRO junior liga"]
[Site "Sveti Filip i Jakov"]
[Date "2018.04.03"]
[Round "1.19"]
[White "Starcevic, Ante Leon"]
[Black "Cavlovic, Viktor"]
[Result "1-0"]
[WhiteElo "2148"]
[BlackElo "1742"]
[PlyCount "39"]
[EventDate "2018.??.??"]
[WhiteClock "1:30:00"]
[BlackClock "1:30:00"]

1. e4 c6 2. c4 d5 3. exd5 cxd5 4. cxd5 Nf6 5. Nc3 Nxd5 6. Nf3 Nc6 7. d4 Bf5 8.
Bc4 Ndb4 9. O-O Nc2 10. Nh4 Nxa1 11. Nxf5 e6 12. Re1 Qd7 13. Bg5 h6 14. Bxe6
Qxe6 15. Rxe6+ fxe6 16. Qh5+ Kd7 17. Qf7+ Kc8 18. Qxe6+ Kc7 19. Nd5+ Kb8 20.
Qe8+ 1-0

[Event "1st CRO junior liga"]
[Site "Sveti Filip i Jakov"]
[Date "2018.04.03"]
[Round "1.20"]
[White "Frouth, Vibor"]
[Black "Markovic, Franjo-Josip"]
[Result "0-1"]
[WhiteElo "1332"]
[BlackElo "2034"]
[PlyCount "54"]
[EventDate "2018.??.??"]
[WhiteClock "1:30:00"]
[BlackClock "1:30:00"]

1. e4 c5 2. Nf3 Nc6 3. d4 cxd4 4. Nxd4 Nf6 5. Nc3 e5 6. Nxc6 bxc6 7. Bg5 h6 8.
Bh4 Be7 9. Bc4 O-O 10. Qf3 d6 11. h3 Be6 12. Bb3 Nd7 13. Bxe7 Qxe7 14. O-O Nc5
15. Rfd1 a5 16. Qe2 a4 17. Bxe6 Nxe6 18. Rd2 Nd4 19. Qe3 Rfb8 20. b3 axb3 21.
cxb3 Nxb3 22. Nd5 cxd5 23. Rad1 Nxd2 24. Rxd2 d4 25. Qf3 Qg5 26. Rc2 Rc8 27.
Rb2 Qc1+ 0-1

[Event "1st CRO junior liga"]
[Site "Sveti Filip i Jakov"]
[Date "2018.04.03"]
[Round "1.21"]
[White "Levacic, Matej"]
[Black "Ghersinich, Enrico"]
[Result "0-1"]
[WhiteElo "1893"]
[BlackElo "2216"]
[PlyCount "152"]
[EventDate "2018.??.??"]
[WhiteClock "0:01:00"]
[BlackClock "0:01:00"]

1. d4 c5 2. d5 Nf6 3. Nc3 g6 4. e4 d6 5. Bc4 Bg7 6. Nf3 O-O 7. O-O Na6 8. Re1
Nc7 9. h3 Bd7 10. a4 a6 11. Qe2 e6 12. dxe6 Bxe6 13. Bf4 Qe7 14. Rad1 Rad8 15.
Qd3 Bxc4 16. Qxc4 Ne6 17. Nd5 Qd7 18. Nxf6+ Bxf6 19. Bxd6 Rfe8 20. e5 Bg7 21.
a5 Qc6 22. c3 Rd7 23. b4 Red8 24. bxc5 Qc8 25. Nd4 Nf4 26. c6 bxc6 27. Qxc6
Qxc6 28. Nxc6 Re8 29. c4 f6 30. Rb1 Nd3 31. Re3 Nxe5 32. Bxe5 fxe5 33. Rbe1 Rc7
34. Nxe5 Rc5 35. Nd7 Rxe3 36. Rxe3 Rxa5 37. Re2 Ra1+ 38. Kh2 Rd1 39. Nc5 a5 40.
Ra2 Be5+ 41. g3 Rc1 42. Nd3 Ra1 43. Rxa1 Bxa1 44. Nc5 Bd4 45. Na4 Bxf2 46. Kg2
Be1 47. Kf3 Kf7 48. g4 Ke6 49. Ke4 Kd6 50. Kf4 Bd2+ 51. Ke4 Ke6 52. Kd4 Kf6 53.
Nc5 Be1 54. Ne4+ Ke6 55. Nc5+ Kd6 56. Na4 Bf2+ 57. Ke4 Bc5 58. Nc3 Bb4 59. Na4
Ke6 60. Nb6 Be1 61. Na4 Kf6 62. c5 Kg5 63. Kf3 Kf6 64. Ke4 Ke6 65. Kd4 Bf2+ 66.
Ke4 Bg1 67. h4 h5 68. gxh5 gxh5 69. Kd3 Bf2 70. Ke4 Bxh4 71. Kf4 Kd5 72. Kf3
Be1 73. Nb2 Bc3 74. Na4 Bd4 75. Kf4 Bxc5 76. Kg5 Bd4 0-1

[Event "1st CRO junior liga"]
[Site "Sveti Filip i Jakov"]
[Date "2018.04.03"]
[Round "1.22"]
[White "Purini, Bruno"]
[Black "Jankovic, Antonio"]
[Result "0-1"]
[WhiteElo "1409"]
[BlackElo "1792"]
[PlyCount "96"]
[EventDate "2018.??.??"]
[WhiteClock "1:30:00"]
[BlackClock "1:30:00"]

1. e4 e5 2. Nf3 Nc6 3. Bb5 a6 4. Bxc6 dxc6 5. O-O Nf6 6. d3 Bd6 7. Bg5 h6 8.
Bh4 g5 9. Bg3 Bg4 10. Nbd2 Nh5 11. h3 Nxg3 12. fxg3 Bh5 13. g4 Bg6 14. Nc4 Bc5+
15. Kh2 f6 16. Qd2 Qd7 17. b4 Ba7 18. Kh1 O-O-O 19. Rad1 Qe7 20. Qe1 h5 21. Nh2
hxg4 22. Nxg4 Bh5 23. Qg3 Kb8 24. a3 Qe6 25. Rxf6 Qxg4 26. Qxg4 Bxg4 27. Rdf1
Bd4 28. Rg6 Rh5 29. Kh2 Rdh8 30. Kg3 Bd7 31. Rg7 Be6 32. Nd2 Be3 33. Nc4 Bf4+
34. Kf3 Bxc4 35. dxc4 R5h7 36. Rxh7 Rxh7 37. Rd1 Kc8 38. Kg4 Rd7 39. Rd3 Rxd3
40. cxd3 b5 41. g3 Bc1 42. h4 gxh4 43. gxh4 Kd7 44. Kf5 Bxa3 45. Kxe5 Bxb4 46.
h5 Bc3+ 47. d4 Bd2 48. Kf6 Ke8 0-1

[Event "1st CRO junior liga"]
[Site "Sveti Filip i Jakov"]
[Date "2018.04.03"]
[Round "1.23"]
[White "Birkic, Josip"]
[Black "Fiskus, Eva"]
[Result "1-0"]
[WhiteElo "1781"]
[BlackElo "1294"]
[PlyCount "101"]
[EventDate "2018.??.??"]
[WhiteClock "1:30:00"]
[BlackClock "1:30:00"]

1. d4 d5 2. Nf3 Nc6 3. Bf4 Nf6 4. e3 Bf5 5. c4 e6 6. Nc3 Bb4 7. Qb3 O-O 8. Be2
Bxc3+ 9. bxc3 b6 10. Ne5 Nxe5 11. Bxe5 c6 12. O-O Ng4 13. Bg3 h6 14. cxd5 exd5
15. Bf3 Nf6 16. Rfd1 Be4 17. Be2 b5 18. a4 a6 19. a5 Bg6 20. Bh4 Qd6 21. Qb4
Qxb4 22. cxb4 Ne4 23. Rac1 Rac8 24. f3 Nd6 25. Be7 Rfe8 26. Bxd6 Rxe3 27. Kf2
Re6 28. Bf4 Rce8 29. Re1 Bh7 30. h4 f6 31. Bd2 Kf7 32. g4 g5 33. Bf1 Rc8 34.
hxg5 hxg5 35. Rxe6 Kxe6 36. Re1+ Kf7 37. Re3 Re8 38. Rxe8 Kxe8 39. f4 gxf4 40.
Bxf4 Kd7 41. Ke3 Ke6 42. Bd3 Bxd3 43. Kxd3 Kf7 44. Ke3 Ke6 45. Bc7 Kf7 46. Kf4
Ke6 47. Bb6 Kf7 48. Kf5 Ke7 49. Bc7 Kd7 50. Bg3 Ke7 51. Bh4 1-0

[Event "1st CRO junior liga"]
[Site "Sveti Filip i Jakov"]
[Date "2018.04.03"]
[Round "1.24"]
[White "Ghersinich, Carlo"]
[Black "Ljubicic, Mario"]
[Result "0-1"]
[WhiteElo "1143"]
[BlackElo "1738"]
[PlyCount "62"]
[EventDate "2018.??.??"]
[WhiteClock "1:30:00"]
[BlackClock "1:30:00"]

1. d4 Nf6 2. Nf3 e6 3. Bf4 d5 4. e3 h6 5. c3 Nh5 6. Bd3 Nxf4 7. exf4 Bd6 8. g3
Nc6 9. Nbd2 O-O 10. Qc2 b6 11. O-O-O Ne7 12. h4 c5 13. c4 cxd4 14. Nxd4 dxc4
15. Nxc4 Nd5 16. f5 Bc5 17. Be4 Bxd4 18. Rxd4 Qf6 19. Rhd1 Ba6 20. Bxd5 exd5
21. Rxd5 Bxc4 22. Qxc4 Rac8 23. Qxc8 Rxc8+ 24. Kb1 Qc6 25. a3 Qc2+ 26. Ka2 Qxf2
27. R5d3 Qxf5 28. Rd4 Qf2 29. R1d3 Rc2 30. Rd8+ Kh7 31. Rd2 Rxd2 0-1

[Event "1st CRO junior liga"]
[Site "Sveti Filip i Jakov"]
[Date "2018.04.03"]
[Round "2.1"]
[White "Zadravec, Matija"]
[Black "Ghersinich, Enrico"]
[Result "1/2-1/2"]
[WhiteElo "2206"]
[BlackElo "2216"]
[PlyCount "21"]
[EventDate "2018.??.??"]
[WhiteClock "1:30:00"]
[BlackClock "1:30:00"]

1. e4 e6 2. d4 d5 3. Nd2 Nf6 4. e5 Nfd7 5. Bd3 c5 6. c3 Nc6 7. Ne2 cxd4 8. cxd4
f6 9. exf6 Qxf6 10. Nf3 h6 11. O-O 1/2-1/2

[Event "1st CRO junior liga"]
[Site "Sveti Filip i Jakov"]
[Date "2018.04.03"]
[Round "2.2"]
[White "Purini, Bruno"]
[Black "Dabic, Stjepan"]
[Result "0-1"]
[WhiteElo "1409"]
[BlackElo "2012"]
[PlyCount "64"]
[EventDate "2018.??.??"]
[WhiteClock "1:30:00"]
[BlackClock "1:30:00"]

1. e4 c5 2. Nf3 d6 3. Bb5+ Bd7 4. Bxd7+ Qxd7 5. d4 cxd4 6. Nxd4 Nf6 7. Nc3 g6
8. Be3 Bg7 9. Qd2 Nc6 10. O-O-O Ng4 11. Nxc6 Nxe3 12. Qxe3 bxc6 13. h4 Rb8 14.
Na4 Qb7 15. Qb3 Qc7 16. Qc4 a5 17. a3 Qb7 18. b3 Qb5 19. Qxb5 cxb5 20. Nb2 O-O
21. h5 a4 22. Rd3 Rfc8 23. hxg6 hxg6 24. Rhh3 b4 25. Kb1 axb3 26. Rxb3 bxa3 27.
Nd1 a2+ 28. Kxa2 Rxc2+ 29. Kb1 Rbc8 30. Nb2 Rxf2 31. Rhg3 Be5 32. Rg4 Rf1+ 0-1